000 00879cam a22002533a 4500
001 29952
003 PGUSA
005 20140828083640.0
008 090910s2009||||xxu|||||s|||||000 | eng d
040 _aPGUSA
_beng
042 _adc
050 4 _aPS
100 1 _aPerry, Bliss,
_d1860-1954
245 1 4 _aThe American Mind :
_bThe E. T. Earl Lectures
_h[electronic resource] /
_cBliss Perry
260 _bProject Gutenberg,
_c2009
505 0 _aRace, nation, and book -- The American mind -- American idealism -- Romance and reaction -- Humor and satire -- Individualism and fellowship.
506 _aPublic domain in the USA.
516 _aElectronic text
653 _aNational characteristics, American
653 _aAmerican literature -- History and criticism
830 0 _aProject Gutenberg
_v29952
856 4 0 _uhttp://www.gutenberg.org/ebooks/29952
942 _cEB
999 _c259207
_d259207